000 00290nam a22001337a 4500
008 180924b xxu||||| |||| 00| 0 eng d
020 _a9780618116492
041 _aeng
080 _21th
_a370
100 _a25
101 _aEDU
245 _aTeaching tips
_cKeachie,W.J
942 _2udc
_cBK
999 _c48363
_d48363